За неподчинението и други очерци (Запис номер 420659)
[ съкратено ]
| 000 -Лидер | |
|---|---|
| Контролно поле с фиксирана дължина | 02145nam a2200325 a 4500 |
| 003 - Код на организацията, давaща контролен номер | |
| Контролно поле | BLK |
| 005 - Дата и час на последна редакция | |
| Контролно поле | 20250212174846.0 |
| 008 - Елементи от данни с фиксирана дължина | |
| fixed length control field | 180411b bul|||||r ||||||| ||bul|| |
| 010 ## - Наследен системен номер | |
| LC control number | KNG00187710000 |
| 020 ## - Международен стандартен номер на книга ISBN | |
| Международен стандартен номер на книга ISBN | 9789540911816 |
| 040 ## - Източник на каталожния запис | |
| Идентификатор на билиотеката - собственик на записа | BLK |
| 041 ## - Код за език | |
| Код за езика на текст/звукозапис или на отделно заглавие | Български |
| Код за езика КДБФ | Български |
| 080 ## - УДК | |
| Текстов определител УДК | Индивидуална етика. Морално съзнание. Задължения на човека към самия себе си. Поведение на отделен човек |
| УДК код - определител по УДК | 171 |
| УДК определител | (081) |
| УДК - код + определител | 171(081) |
| 080 ## - УДК | |
| Текстов определител УДК | Експериментална психология. Психологически изследвания. Вж и 159.98 159.9.07 |
| УДК код - определител по УДК | 159.98 |
| УДК определител | (081) |
| УДК - код + определител | 159.98(081) |
| 100 1# - Редна дума - Автор | |
| Автор | Фром, Ерих |
| Авторска отговорност | първи автор |
| R(LIN) | 135079 |
| 139 ## - Редно поле | |
| Редна дума | Фром, Ерих |
| Авторски знак | Фро - Ф 85 |
| 245 10 - Сведения за заглавието | |
| Заглавие | За неподчинението и други очерци |
| Редно поле (дума) | Ерих Фром; прев. от англ. и послесл. Росен Ангелов. |
| 257 ## - Страна на издаване | |
| Страна на създаване/издаване | България |
| 260 ## - Област на издателските данни | |
| Място на издаване, разпространение и проч. | София |
| Име на издателя, разпространителя и проч. | Захарий Стоянов |
| Година на издаване | 2021 |
| 300 ## - Физическа характеристика | |
| Страници | 245 с. |
| Размери/Мащаб | 20 см |
| 380 ## - Жанр | |
| Жанр | Философия |
| 490 ## - СЕРИИ (Колекции) | |
| Име на серия | Поредица Философия и човек |
| 9 (RLIN) | 201309 |
| 500 ## - Общи забележки | |
| Забележка | Ориг. загл.: On disobedience and other essays/ Erich Fromm |
| 650 #0 - Допълнително описание по предмет – тема | |
| Основно описание – тема или топоним | Човек - философски проблеми |
| 9 (RLIN) | 243384 |
| 653 #7 - Ключова дума – ненормативна | |
| 9 (RLIN) | 200711 |
| Ключова дума | човек |
| 700 ## - Други автори (авторска отговорност) | |
| Лично име | Ангелов, Росен Петров |
| Автороска отговорност (Описва отношението между автора и произведението) | прев. от англ. и послесл. |
| 9 (RLIN) | 1025 |
| 760 1# - Описание на основната серия | |
| Редна дума на основното описание | Фром, Ерих |
| Място на издаване, издател и година | Захарий Стоянов, 2020 |
| Страници - том | 688 с. |
| Забележка - том | Загл. на т. на кор.: За неподчинението и други есета; Може ли човекът да тържествува; Революция на надеждата: към една очовечена технология. - Загл. на с. 5: Съчинения в единадесет тома. - Послеслови на преводача: с. 627-683 |
| Заглавие | Т. 7 За неподчинението и други очерци Може ли човекът да тържествува? Революция на надеждата |
| 999 ## - СИСТЕМНИ КОНТРОЛНИ НОМЕРА | |
| Koha biblionumber | 420659 |
| Koha biblioitemnumber | 420659 |
| 942 ## - АРТИКУЛИ | |
| Вид на библиотечния материал | Книги |
| Скрит в OPAC | Не |
| Koha issues (borrowed), all copies | 7 |
| Периодичен библиозапис | Да |
| 944 ## - СЪЗДАВАНЕ И РЕДАКЦИЯ на ЗАПИСА | |
| Служител, извършил регистрацията/редакцията | 30530 |
| Статус, дата на статуса | Минев Младен |
| Код за отписване | Код за изгубен артикул | Източник на класификационната схема | Код за повреда | Коз за рестрикции | Код за отдаване | Артикулен № | Име на библиотеката - собственик | Име на библиотеката, в която се намира в момента | Статус (Текущо местоположение) | Дата на вписване в системата | Местоположение - отдел | Цена в лева | Систематично азбучна сигнатура | Баркод | Цена в евро | Служебен тип на артикула |
|---|---|---|---|---|---|---|---|---|---|---|---|---|---|---|---|---|
| Не е изгубен | Universal Decimal Classification | Не е повреден | без рестрикции | заемане за дома | 838390 | Регионална библиотека "Любен Каравелов" Русе | Регионална библиотека "Любен Каравелов" Русе | Заемна - подръчен фонд | 2021-06-21 | Заемна - подръчен фонд | 15.00 | 17/Ф 85 Е | 120000857139 | 7.67 | Книги | |
| Не е изгубен | Universal Decimal Classification | Не е повреден | без рестрикции | заемане за дома | 838391 | Регионална библиотека "Любен Каравелов" Русе | Регионална библиотека "Любен Каравелов" Русе | Заемна - подръчен фонд | 2021-06-21 | Заемна - подръчен фонд | 15.00 | 17/Ф 85 Е | 120000857140 | 7.67 | Книги | |
| Не е изгубен | Universal Decimal Classification | Не е повреден | само за читалня | ползва се в читалня | 845049 | Регионална библиотека "Любен Каравелов" Русе | Регионална библиотека "Любен Каравелов" Русе | Хранилище | 2021-07-28 | Хранилище | 15.00 | 308265 | 120000858153 | 7.67 | Книги | |
| Не е изгубен | Universal Decimal Classification | Не е повреден | без рестрикции | заемане за дома | 859589 | Регионална библиотека "Любен Каравелов" Русе | Регионална библиотека "Любен Каравелов" Русе | Заемна - подръчен фонд | 2021-11-02 | Заемна - подръчен фонд | 10.50 | 17/Ф 85 Е | 120000861669 | 5.37 | Книги | |
| Не е изгубен | Universal Decimal Classification | Не е повреден | без рестрикции | заемане за дома | 859590 | Регионална библиотека "Любен Каравелов" Русе | Регионална библиотека "Любен Каравелов" Русе | Заемна - подръчен фонд | 2021-11-02 | Заемна - подръчен фонд | 10.50 | 17/Ф 85 Е | 120000861668 | 5.37 | Книги |